|
|
|
|
| LEADER |
00757nta a2200205 i 4500 |
| 001 |
dipl104726 |
| 005 |
20210126070852.0 |
| 008 |
210126s1986 hu om 0|| zxx d |
| 040 |
|
|
|a SZTE Diploma Repozitórium
|b hun
|
| 041 |
|
|
|a zxx
|
| 100 |
1 |
|
|a Sápi László
|
| 245 |
1 |
0 |
|a Öltözködés Nagykátán a múlt század végétől a XX.század közepéig
|h [elektronikus dokumentum] /
|c László Sápi
|
| 260 |
|
|
|c 1986
|
| 650 |
|
4 |
|a Bölcsészettudományok
|
| 650 |
|
4 |
|a Social sciences
|
| 650 |
|
4 |
|a Media and communications
|
| 650 |
|
4 |
|a Media and socio-cultural communication
|
| 650 |
|
4 |
|a Cultural studies, cultural diversity
|
| 700 |
1 |
|
|a Galgóczi Anna
|e ths
|
| 856 |
4 |
0 |
|u http://diploma.bibl.u-szeged.hu/id/eprint/104726/1/1986_sapi_laszlo.pdf
|z Dokumentum-elérés
|